000 00590cam a22002053a 4500
001 45320
003 PGUSA
005 20140828084039.0
008 140405s2014||||xxu|||||s|||||000 | eng d
040 _aPGUSA
_beng
042 _adc
100 1 _aCobb, Irvin S.
_q(Irvin Shrewsbury),
_d1876-1944
245 1 0 _aLadies and Gentlemen
_h[electronic resource] /
_cIrvin S. Cobb
260 _bProject Gutenberg,
_c2014
506 _aPublic domain in the USA.
516 _aElectronic text
830 0 _aProject Gutenberg
_v45320
856 4 0 _uhttp://www.gutenberg.org/ebooks/45320
942 _cEB
999 _c274571
_d274571